00249 a2200121 4500001000700000020002200007040001100029100001600040240003000056245002500086300000700111362000900118190962 a978-85-360-1093-9 cMagnum aRiter, Caio10aA visão do pavãolpor10aA visão do pavão a160 a2011